Návrh opatrení na zlepšenie procesu vzdelávania zamestnancov v podniku OMS, spol. s r.o.

Salvato in:
Dettagli Bibliografici
Autore principale: Faganová, Adriana (Autore)
Altri autori: Koltnerová, Kristína (Relatore della tesi)
Natura: Manoscritto Libro
Lingua:slovacco
Pubblicazione: 2015
Soggetti:
Accesso online:http://is.stuba.sk/zp/portal_zp.pl?podrobnosti=102647
Tags: Aggiungi Tag
Nessun Tag, puoi essere il primo ad aggiungerne!!

MARC

LEADER 00000ntm a22000003a 4500
001 stuzp50132
003 SK-STU
005 20160719153450.8
007 ta
008 150427s2015----xo-----f-mn---000-0-slo-d
040 |a STU  |b slo 
041 0 |a slo 
100 1 |a Faganová, Adriana  |u 064000  |4 aut  |U MTF Materiálovotechnologická fakulta  |T MTF Ústav priemyselného inžinierstva a manažmentu  |X 70026  |U M4000  |Y 84  |7 70026 
242 0 1 |a The arrangement suggestion for improving the education process of employees of the company OMS, spol. s r.o.  |y eng 
245 1 0 |a Návrh opatrení na zlepšenie procesu vzdelávania zamestnancov v podniku OMS, spol. s r.o. 
260 |c 2015 
650 4 |a vzdelávanie zamestnancov  |2 slo 
650 4 |a proces vzdelávania  |2 slo 
650 4 |a riadenie ľudských zdrojov  |2 slo 
650 4 |a managing of human resources  |2 eng 
650 4 |a education process  |2 eng 
650 4 |a education of employees  |2 eng 
700 1 |a Koltnerová, Kristína  |4 ths  |X 32947  |7 A000032947 
856 4 |u http://is.stuba.sk/zp/portal_zp.pl?podrobnosti=102647 
996 |c M* BP-7235  |l MMSKP  |s P  |a 0  |w stuzp50132_0001 
SQL |a stuzp50132  |b DBP  |c SLO  |d Návrh opatrení na zlepšenie procesu vzdelávania zamestnancov v podniku OMS, spol. s r.o.  |e 70026  |f Faganová, Adriana  |g 064000  |h 32947  |i Koltnerová, Kristína  |j 20150625  |k 175  |l 06  |m http://is.stuba.sk/zp/portal_zp.pl?podrobnosti=102647  |n B-PMA  |o 5.2.52. priemyselné inžinierstvo